| 000 | 00458cam a2200193ua 4500 | ||
|---|---|---|---|
| 020 | _c2.50 | ||
| 041 |
_ahin _h |
||
| 082 |
_a891.54 _bBHA/NA |
||
| 100 | _aBharathy sharma, . | ||
| 245 |
_aNavin Gadhya Prakash / _cBgarathy sharma. _hTextual Documents |
||
| 250 |
_a1 / _b. |
||
| 260 |
_aTrivandrum : _bHindi book stall. |
||
| 300 | _a131 ; . | ||
| 365 | _a2.50 | ||
| 504 | _a | ||
| 942 | _cBK | ||
| 999 |
_c6402 _d6402 |
||